Catálogo público

Rabbit feeding and nutrition / (Record no. 164078)

MARC details
000 -CABECERA
campo de control de longitud fija 00736nam a2200289Ia 4500
001 - NÚMERO DE CONTROL
campo de control Z_1000
003 - IDENTIFICADOR DEL NÚMERO DE CONTROL
campo de control CHAP
008 - DATOS DE LONGITUD FIJA--INFORMACIÓN GENERAL
campo de control de longitud fija 220113s1987 xx 000 0 und d
010 ## - NÚMERO DE CONTROL DE LA BIBLIOTECA DEL CONGRESO
Número de control de LC 164078
040 ## - FUENTE DE LA CATALOGACIÓN
Centro/agencia transcriptor CHAP
082 ## - NÚMERO DE LA CLASIFICACIÓN DECIMAL DEWEY
Número de clasificación 636.93 C4
100 ## - ENTRADA PRINCIPAL--NOMBRE DE PERSONA
Nombre de persona Cheeke, Peter R
9 (RLIN) 22100
245 ## - MENCIÓN DE TÍTULO
Título Rabbit feeding and nutrition /
Mención de responsabilidad, etc. by Peter R. Cheeke
260 ## - PUBLICACIÓN, DISTRIBUCIÓN, ETC.
Lugar de publicación, distribución, etc. Orlando :
Nombre del editor, distribuidor, etc. Academic Press,
Fecha de publicación, distribución, etc. 1987
300 ## - DESCRIPCIÓN FÍSICA
Extensión 376 p. :
Otras características físicas ilus
440 ## - MENCIÓN DE SERIE/PUNTO DE ACCESO ADICIONAL--TÍTULO
Título Animal feeding and nutrition series
9 (RLIN) 138143
500 ## - NOTA GENERAL
Nota general fotocopía c. 2
503 ## - NOTA DE HISTORIA BIBLIOGRÁFICA (BK CF MU) [OBSOLETO]
Nota de historia bibliográfica 153549
650 ## - PUNTO DE ACCESO ADICIONAL DE MATERIA--TÉRMINO DE MATERIA
Término de materia o nombre geográfico como elemento de entrada Conejos
Subdivisión general Alimentación
9 (RLIN) 26353
650 ## - PUNTO DE ACCESO ADICIONAL DE MATERIA--TÉRMINO DE MATERIA
Término de materia o nombre geográfico como elemento de entrada Conejos
Subdivisión general Nutrición I. t.
9 (RLIN) 138144
901 ## - ELEMENTOS DE DATOS A LOCAL LDA (RLIN)
a 636.93 C4
902 ## - ELEMENTOS DE DATOS B LOCAL, LDB (RLIN)
a A
910 ## - DATOS DE OPCIÓN DEL USUARIO (OCLC)
Datos de opción del usuario 1987
942 ## - ELEMENTOS DE PUNTO DE ACCESO ADICIONAL (KOHA)
Tipo de ítem Koha Libro_
942 ## - ELEMENTOS DE PUNTO DE ACCESO ADICIONAL (KOHA)
Tipo de ítem Koha
Holdings
Estado de retiro Estado de pérdida Fuente del sistema de clasificación o colocación Estado dañado No para préstamo Código de colección Localización permanente Ubicación/localización actual Ubicación en estantería Fecha de adquisición Total de préstamos Código de barras Fecha visto por última vez Fecha del último préstamo Número de copia Precio válido a partir de Tipo de ítem Koha
    Dewey Decimal Classification     General Zootecnia Zootecnia   09/11/2005 3 z_0921 10/02/2025 10/02/2025 1 18/01/2022 Libro